[Event "ODEM U25A 2011"]
[Site "Oberhof GER"]
[Date "2011.06.18"]
[Round "9"]
[White "Schirrmacher, Carsten"]
[Black "Ehlers, Michael"]
[Result "1-0"]
[Termination "normal"]
[Board "9"]
[WhiteElo "2067"]
[BlackElo "1932"]
[PlyCount "85"]
[WhiteFideId "24610445"]
[BlackFideId "4674537"]
[EventCountry "GER"]
[EventRounds "9"]
[EventType "swiss"]
[EventDate "2011.06.11"]

1. e4 c5 2. Nf3 e6 3. d4 cxd4 4. Nxd4 a6 5. Bd3 Nf6 6. O-O d5 7. e5 Nfd7 8. Qe2
Nc5 9. Rd1 Qc7 10. c3 Nxd3 11. Rxd3 Bd7 12. Nd2 Nc6 13. N2f3 h6 14. Bf4 g5 15.
Bg3 Be7 16. h3 h5 17. Qe3 Rg8 18. Rad1 O-O-O 19. b4 h4 20. Bh2 g4 21. Nxc6 Bxc6
22. Nd4 Ba4 23. R1d2 g3 24. fxg3 Bg5 25. Qf3 Bxd2 26. Rxd2 hxg3 27. Bxg3 Rg6
28. Rf2 Rdg8 29. Bh2 Kb8 30. g4 Be8 31. Bg3 Qd8 32. Rg2 Qg5 33. Bf4 Qh4 34. Rg3
Ka8 35. Kg2 Qe7 36. Qe3 f6 37. exf6 Qxf6 38. g5 Qe7 39. h4 Bd7 40. h5 R6g7 41.
g6 Qh4 42. Qe5 Re7 43. Nf3 1-0

[Event "ODEM U25A 2011"]
[Site "Oberhof GER"]
[Date "2011.06.18"]
[Round "9"]
[White "Grigoryeva, Olga"]
[Black "Stark, Timo"]
[Result "1-0"]
[Termination "normal"]
[Board "10"]
[WhiteElo "2087"]
[BlackElo "1842"]
[PlyCount "103"]
[WhiteFideId "24132594"]
[BlackFideId "4670183"]
[EventCountry "GER"]
[EventRounds "9"]
[EventType "swiss"]
[EventDate "2011.06.11"]

1. c4 b6 2. Nc3 Bb7 3. Nf3 e6 4. g3 Nf6 5. Bg2 Be7 6. d3 O-O 7. O-O c5 8. b3 d5
9. cxd5 Nxd5 10. Nxd5 Bxd5 11. Bb2 Bf6 12. Bxf6 Qxf6 13. Qd2 Na6 14. Rab1 Rac8
15. Rfc1 Rfd8 16. a3 h6 17. Qc2 Bb7 18. Nd2 Bxg2 19. Kxg2 Nc7 20. Ne4 Qd4 21.
Qa2 Qd5 22. Kg1 Na6 23. Nc3 Qd7 24. b4 Qd4 25. Nb5 Qd7 26. Nc3 Qd4 27. Qb3 c4
28. dxc4 Qxc4 29. Qxc4 Rxc4 30. Nb5 Rxc1+ 31. Rxc1 Rd7 32. Rc8+ Kh7 33. Kg2 Rd2
34. e3 Rb2 35. Rc3 Kg6 36. Nxa7 Nxb4 37. axb4 Rxb4 38. Nc6 Rb5 39. Nd4 Rb2 40.
Rb3 Rxb3 41. Nxb3 Kf5 42. Kf3 Ke5 43. e4 f5 44. exf5 exf5 45. Ke3 g5 46. f4+
Kd5 47. Nd4 gxf4+ 48. gxf4 h5 49. h4 Kc4 50. Nxf5 b5 51. Nd4 b4 52. Ke4 1-0

[Event "ODEM U25A 2011"]
[Site "Oberhof GER"]
[Date "2011.06.18"]
[Round "9"]
[White "Krause, Jonah"]
[Black "Nötzel, Felix"]
[Result "0-1"]
[Termination "normal"]
[Board "12"]
[WhiteElo "1911"]
[BlackElo "2042"]
[PlyCount "58"]
[WhiteFideId "12907910"]
[BlackFideId "24637416"]
[EventCountry "GER"]
[EventRounds "9"]
[EventType "swiss"]
[EventDate "2011.06.11"]

1. d4 Nf6 2. c4 e5 3. dxe5 Ne4 4. Nf3 Nc6 5. Qc2 Bb4+ 6. Nbd2 d5 7. a3 Bxd2+ 8.
Bxd2 Bf5 9. Qd1 dxc4 10. e3 Qe7 11. Nd4 Qxe5 12. Bc3 Nxc3 13. bxc3 Nxd4 14.
Qxd4 Qxd4 15. exd4 b5 16. Be2 Be4 17. O-O Kd7 18. Rfe1 Rhe8 19. Bg4+ Kd6 20.
Re3 Bc6 21. Rae1 Rxe3 22. fxe3 Re8 23. Kf2 Be4 24. Rd1 a5 25. Be2 Kd5 26. Rc1
Re6 27. Bf3 Rh6 28. h3 Bxf3 29. Kxf3 Rf6+ 0-1

[Event "ODEM U25A 2011"]
[Site "Oberhof GER"]
[Date "2011.06.18"]
[Round "9"]
[White "Diller, Daniel"]
[Black "Müller, Philipp"]
[Result "1/2-1/2"]
[Termination "normal"]
[Board "13"]
[WhiteElo "1779"]
[BlackElo "2035"]
[PlyCount "65"]
[WhiteFideId "12908983"]
[BlackFideId "24683701"]
[EventCountry "GER"]
[EventRounds "9"]
[EventType "swiss"]
[EventDate "2011.06.11"]

1. c4 e5 2. g3 Nf6 3. Bg2 d5 4. cxd5 Nxd5 5. Nc3 Nb6 6. Nf3 Nc6 7. O-O Be7 8.
a3 O-O 9. b4 Be6 10. d3 f6 11. Bb2 Qe8 12. Ne4 Qf7 13. Nfd2 a5 14. b5 Nd4 15.
a4 Bb4 16. Bc3 Nd5 17. Bxb4 Nxb4 18. Nc5 Bd5 19. Bxd5 Qxd5 20. Ndb3 b6 21. Nxd4
exd4 22. Nb3 c5 23. bxc6 Rac8 24. Rc1 Rxc6 25. Rxc6 Nxc6 26. Qb1 Re8 27. Qb2 b5
28. axb5 Qxb5 29. Qa2 Qd5 30. Ra1 Rb8 31. Nd2 Qxa2 32. Rxa2 Rb4 33. Nc4 1/2-1/2

[Event "ODEM U25A 2011"]
[Site "Oberhof GER"]
[Date "2011.06.18"]
[Round "9"]
[White "Adelhütte, Dennis"]
[Black "Bach, Jannik"]
[Result "1-0"]
[Termination "normal"]
[Board "14"]
[WhiteElo "2003"]
[BlackElo "1772"]
[PlyCount "61"]
[WhiteFideId "4661265"]
[BlackFideId "24615900"]
[EventCountry "GER"]
[EventRounds "9"]
[EventType "swiss"]
[EventDate "2011.06.11"]

1. Nf3 Nf6 2. g3 g6 3. Bg2 Bg7 4. O-O O-O 5. d3 d5 6. Nbd2 c6 7. e4 Bg4 8. h3
Bxf3 9. Qxf3 e6 10. Re1 Na6 11. c3 Nc5 12. e5 Nfd7 13. d4 Na6 14. Qg4 c5 15. a3
Rc8 16. Nf3 cxd4 17. Bg5 Qe8 18. cxd4 Nb6 19. Qh4 Qa4 20. Bh6 Rc4 21. b3 Qxb3
22. Ng5 Rxd4 23. f4 Bxe5 24. Bxf8 Kxf8 25. Nxe6+ fxe6 26. Qd8+ Kf7 27. fxe5 Kg7
28. Rf1 Qe3+ 29. Kh1 h5 30. Qf8+ Kh7 31. Rf7# 1-0

[Event "ODEM U25A 2011"]
[Site "Oberhof GER"]
[Date "2011.06.18"]
[Round "9"]
[White "Becker, Matthias"]
[Black "Baier, Christoph"]
[Result "1/2-1/2"]
[Termination "normal"]
[Board "15"]
[WhiteElo "1912"]
[BlackElo "1898"]
[PlyCount "64"]
[WhiteFideId "12915564"]
[BlackFideId "24655759"]
[EventCountry "GER"]
[EventRounds "9"]
[EventType "swiss"]
[EventDate "2011.06.11"]

1. e4 c5 2. Nf3 Nc6 3. d4 cxd4 4. Nxd4 g6 5. c4 Bg7 6. Be3 Nf6 7. Nc3 O-O 8.
Be2 d6 9. f3 Nxd4 10. Bxd4 Be6 11. O-O Qa5 12. Qd2 Rfc8 13. b3 a6 14. Rad1 Rab8
15. a4 Qb4 16. Nd5 Nxd5 17. exd5 Qxd2 18. Rxd2 Bxd4+ 19. Rxd4 Bd7 20. Ra1 a5
21. Re1 Re8 22. Bd3 Rbd8 23. Kf2 Bc8 24. Bc2 Kf8 25. g4 e5 26. dxe6 fxe6 27.
Be4 Ke7 28. h4 Rf8 29. Kg3 b6 30. Bd5 Rf6 31. Rde4 Rdf8 32. R4e3 e5 1/2-1/2

[Event "ODEM U25A 2011"]
[Site "Oberhof GER"]
[Date "2011.06.18"]
[Round "9"]
[White "Kieslich, Aaron"]
[Black "Celmer, Ole"]
[Result "1-0"]
[Termination "normal"]
[Board "16"]
[WhiteElo "1815"]
[BlackElo "1788"]
[PlyCount "103"]
[WhiteFideId "1270391"]
[BlackFideId "24657107"]
[EventCountry "GER"]
[EventRounds "9"]
[EventType "swiss"]
[EventDate "2011.06.11"]

1. e4 e5 2. Nf3 Nc6 3. d4 exd4 4. Nxd4 Nf6 5. Nxc6 bxc6 6. Bd3 d6 7. O-O Be7 8.
Nc3 O-O 9. f4 Re8 10. Qf3 Bb7 11. Qh3 Bc8 12. Qf3 Bb7 13. e5 dxe5 14. fxe5 Bc5+
15. Be3 Rxe5 16. Bxc5 Rxc5 17. Ne4 Nxe4 18. Qxf7+ Kh8 19. Bxe4 Re5 20. Rad1 Qe8
21. Rd7 Qxf7 22. Rdxf7 Kg8 23. Rxc7 Rxe4 24. Rxb7 Re2 25. Rff7 Rd8 26. Rxg7+
Kf8 27. Rbd7 Rxd7 28. Rxd7 Rxc2 29. Rxh7 Rxb2 30. Rxa7 c5 31. Rc7 Rxa2 32. Rxc5
Ra1+ 33. Kf2 Ra2+ 34. Kg3 Ra3+ 35. Kh4 Kg7 36. Rc6 Ra2 37. Kh3 Ra4 38. g4 Ra3+
39. Kh4 Ra2 40. h3 Ra3 41. g5 Rb3 42. Kg4 Rb4+ 43. Kh5 Rb3 44. Rc7+ Kf8 45. h4
Rb4 46. g6 Kg8 47. Kg5 Ra4 48. Rc5 Ra1 49. h5 Ra8 50. h6 Kh8 51. h7 Rb8 52. Kh6
1-0

[Event "ODEM U25A 2011"]
[Site "Oberhof GER"]
[Date "2011.06.18"]
[Round "9"]
[White "Mann, Johannes"]
[Black "Münch, Robert"]
[Result "1/2-1/2"]
[Termination "normal"]
[Board "18"]
[WhiteElo "1785"]
[BlackElo "1908"]
[PlyCount "90"]
[WhiteFideId "24691380"]
[BlackFideId "4626028"]
[EventCountry "GER"]
[EventRounds "9"]
[EventType "swiss"]
[EventDate "2011.06.11"]

1. e4 c5 2. Nc3 Nc6 3. g3 g6 4. Bg2 Bg7 5. d3 d6 6. f4 Rb8 7. Nf3 b5 8. O-O b4
9. Ne2 Nh6 10. h3 f5 11. Ng5 Nd4 12. Nxd4 Bxd4+ 13. Kh2 O-O 14. exf5 Rxf5 15.
g4 Rf8 16. Bd5+ Kh8 17. Qe2 e5 18. Nf3 Ng8 19. fxe5 dxe5 20. Bxg8 Kxg8 21. Bh6
Re8 22. Nxd4 cxd4 23. Qf3 Be6 24. Rae1 Bd5 25. Qf6 Qxf6 26. Rxf6 Rbc8 27. Re2
Bxa2 28. Ra6 Bb1 29. Rxa7 Rxc2 30. Rxc2 Bxc2 31. Rg7+ Kh8 32. Rb7 Bxd3 33. Rxb4
Bc2 34. Kg2 d3 35. Kf2 Rd8 36. Bd2 Rd7 37. Re4 Re7 38. Ke3 Kg7 39. g5 Kf7 40.
Rb4 Kg7 41. Re4 h6 42. gxh6+ Kxh6 43. Rxe5 Rxe5+ 44. Kd4+ Rg5 45. h4 Kh5
1/2-1/2

[Event "ODEM U25A 2011"]
[Site "Oberhof GER"]
[Date "2011.06.18"]
[Round "9"]
[White "Papusha, Maxim"]
[Black "Siebarth, Marco"]
[Result "1/2-1/2"]
[Termination "normal"]
[Board "19"]
[WhiteElo "1745"]
[BlackElo "2034"]
[PlyCount "28"]
[WhiteFideId "12915246"]
[BlackFideId "24604330"]
[EventCountry "GER"]
[EventRounds "9"]
[EventType "swiss"]
[EventDate "2011.06.11"]

1. e4 c5 2. Nf3 Nc6 3. d4 cxd4 4. Nxd4 Nf6 5. Nc3 e5 6. Ndb5 d6 7. Bg5 a6 8.
Na3 b5 9. Bxf6 gxf6 10. Nd5 Bg7 11. Bd3 Be6 12. c3 f5 13. Qh5 f4 14. g3 fxg3
1/2-1/2

[Event "ODEM U25A 2011"]
[Site "Oberhof GER"]
[Date "2011.06.18"]
[Round "9"]
[White "Wissel, Daniel"]
[Black "Berger, Manuel"]
[Result "1/2-1/2"]
[Termination "normal"]
[Board "20"]
[WhiteElo "1724"]
[BlackElo "1924"]
[PlyCount "24"]
[BlackFideId "24692506"]
[EventCountry "GER"]
[EventRounds "9"]
[EventType "swiss"]
[EventDate "2011.06.11"]

1. Nf3 Nf6 2. b3 g6 3. Bb2 Bg7 4. e3 d5 5. d4 e6 6. Bd3 Nbd7 7. O-O b6 8. Nbd2
Bb7 9. Rc1 O-O 10. c4 c5 11. Ba3 Rc8 12. cxd5 Nxd5 1/2-1/2

[Event "ODEM U25A 2011"]
[Site "Oberhof GER"]
[Date "2011.06.18"]
[Round "9"]
[White "Winterholler, Christina"]
[Black "Wimmer, Martin"]
[Result "0-1"]
[Termination "normal"]
[Board "21"]
[WhiteElo "1669"]
[BlackElo "1879"]
[PlyCount "106"]
[WhiteFideId "24652105"]
[BlackFideId "24683680"]
[EventCountry "GER"]
[EventRounds "9"]
[EventType "swiss"]
[EventDate "2011.06.11"]

1. e4 c6 2. d4 d5 3. e5 Bf5 4. Nf3 e6 5. Be2 c5 6. Be3 Qb6 7. Nc3 Nc6 8. O-O
Qxb2 9. Qb1 Qxb1 10. Raxb1 O-O-O 11. Rb2 c4 12. Rfb1 Rd7 13. Bd1 Bg6 14. Nh4
Nge7 15. Nxg6 hxg6 16. Ne2 Nf5 17. c3 b6 18. Bf4 Rb7 19. Ba4 Kc7 20. Bb5 Be7
21. Ng3 Ra8 22. Ba6 Rbb8 23. f3 Re8 24. Nxf5 gxf5 25. Bg3 Rh8 26. Bb5 Ba3 27.
Re2 a6 28. Ba4 b5 29. Bc2 g6 30. Bf4 Be7 31. Bc1 Rab8 32. a3 a5 33. Bd1 b4 34.
axb4 axb4 35. Bd2 bxc3 36. Rxb8 Rxb8 37. Bxc3 Rb1 38. Re1 Bb4 39. Bxb4 Nxb4 40.
Rf1 c3 41. h4 c2 42. Bxc2 Rxf1+ 43. Kxf1 Nxc2 44. g4 fxg4 45. fxg4 Ne3+ 46. Ke2
Nxg4 47. Kf3 Nh6 48. Kf4 Nf5 49. Kg5 Nxd4 50. Kf6 Nf5 51. Kxf7 Kd7 52. Kxg6
Nxh4+ 53. Kg5 Nf3+ 0-1

[Event "ODEM U25A 2011"]
[Site "Oberhof GER"]
[Date "2011.06.18"]
[Round "9"]
[White "Kardoeus, David"]
[Black "Stark, Sven"]
[Result "0-1"]
[Termination "normal"]
[Board "22"]
[WhiteElo "1730"]
[BlackElo "1857"]
[PlyCount "188"]
[WhiteFideId "12912050"]
[BlackFideId "4670124"]
[EventCountry "GER"]
[EventRounds "9"]
[EventType "swiss"]
[EventDate "2011.06.11"]

1. b3 e5 2. Bb2 Nc6 3. e3 d5 4. Bb5 e4 5. Ne2 Bd7 6. d3 Nf6 7. Nd2 Bd6 8. Bxf6
Qxf6 9. dxe4 O-O-O 10. exd5 Nb4 11. Bxd7+ Rxd7 12. O-O Nxd5 13. Nd4 Nc3 14. Qf3
Be5 15. Qxf6 Bxf6 16. Rae1 Bxd4 17. exd4 Rxd4 18. Nf3 Rd7 19. a4 f6 20. Re3 Nd5
21. Re2 Rhd8 22. Rfe1 c6 23. Kf1 Nc3 24. Re3 Nd5 25. R3e2 a6 26. Nd4 Nf4 27.
Ne6 Nxe2 28. Nxd8 Nd4 29. Ne6 Nxc2 30. Rc1 Nd4 31. Nc5 Re7 32. Rd1 Nc2 33. g3
Nb4 34. Rd6 b6 35. Ne6 Kb7 36. Nf8 Kc7 37. Re6 Kd8 38. Rd6+ Kc7 39. Re6 Kd8 40.
Rd6+ Kc8 41. Nxh7 Kc7 42. Rd4 c5 43. Rg4 Rf7 44. Rg6 Nc6 45. f4 Ne7 46. Rg4 Nf5
47. Rg6 b5 48. Ng5 fxg5 49. Rxa6 Kb7 50. axb5 gxf4 51. gxf4 Nd4 52. Rg6 Rxf4+
53. Ke1 Rf7 54. Kd2 Nf3+ 55. Kc3 Rd7 56. Rc6 Nxh2 57. Rxc5 Nf3 58. Rf5 Nh4 59.
Rg5 Nf3 60. Rg3 Nd4 61. Kc4 Ne6 62. Re3 Rd6 63. Rg3 Kb6 64. Rg6 Rd4+ 65. Kc3
Re4 66. Kd3 Re5 67. Kc4 Ka5 68. b6 Kxb6 69. Kb4 Kc6 70. Kc4 Kd7 71. b4 Rg5 72.
Rxg5 Nxg5 73. Kb5 Kc8 74. Kc6 Ne6 75. b5 Kb8 76. b6 Nf8 77. Kd6 Kb7 78. Kc5
Ne6+ 79. Kd6 g5 80. Ke5 Kxb6 81. Kf5 Kc5 82. Ke5 Kc6 83. Ke4 Kd6 84. Kf5 Kd5
85. Kg4 Ke4 86. Kg3 Kf5 87. Kf3 Nd4+ 88. Kg3 g4 89. Kf2 Kf4 90. Kg2 Ne2 91. Kh2
Kf3 92. Kh1 Kf2 93. Kh2 g3+ 94. Kh1 g2+ 0-1

[Event "ODEM U25A 2011"]
[Site "Oberhof GER"]
[Date "2011.06.18"]
[Round "9"]
[White "Zimmer, Ketsarin"]
[Black "Häusler, Yannick"]
[Result "1/2-1/2"]
[Termination "normal"]
[Board "23"]
[WhiteElo "1748"]
[BlackElo "1619"]
[PlyCount "40"]
[WhiteFideId "4696182"]
[BlackFideId "12935891"]
[EventCountry "GER"]
[EventRounds "9"]
[EventType "swiss"]
[EventDate "2011.06.11"]

1. e4 c5 2. c3 Nf6 3. e5 Nd5 4. d4 cxd4 5. cxd4 Nc6 6. Bc4 Nb6 7. Bb3 e6 8. Nf3
d6 9. O-O Be7 10. Qe2 O-O 11. Nc3 a6 12. Bf4 Qc7 13. Rac1 Rd8 14. Ne4 d5 15.
Ng3 Bd7 16. Bc2 Rdc8 17. Ng5 g6 18. Rfd1 Qd8 19. h4 Nb4 20. Bb1 Bb5 1/2-1/2

[Event "ODEM U25A 2011"]
[Site "Oberhof GER"]
[Date "2011.06.18"]
[Round "9"]
[White "Orhan, Eda"]
[Black "Planner, Jörg"]
[Result "1/2-1/2"]
[Termination "normal"]
[Board "24"]
[WhiteElo "1759"]
[BlackElo "1844"]
[PlyCount "42"]
[WhiteFideId "24659258"]
[BlackFideId "1270978"]
[EventCountry "GER"]
[EventRounds "9"]
[EventType "swiss"]
[EventDate "2011.06.11"]

1. d4 Nf6 2. Nf3 c5 3. e3 e6 4. Bd3 b6 5. O-O Nc6 6. c4 Be7 7. Nc3 O-O 8. d5
exd5 9. cxd5 Na5 10. b3 d6 11. Bb2 Nd7 12. Qc2 h6 13. Nd2 a6 14. a4 Bb7 15. f4
Rc8 16. Rf3 Bf6 17. Rg3 Kh8 18. Nde4 Qe7 19. Nxf6 Nxf6 20. Ne4 Ne8 21. Nc3 c4
1/2-1/2

[Event "ODEM U25A 2011"]
[Site "Oberhof GER"]
[Date "2011.06.18"]
[Round "9"]
[White "Brodmann, Anton"]
[Black "Holle, Eric"]
[Result "1/2-1/2"]
[Termination "normal"]
[Board "26"]
[WhiteElo "1861"]
[BlackElo "1685"]
[PlyCount "88"]
[WhiteFideId "24655481"]
[BlackFideId "4624610"]
[EventCountry "GER"]
[EventRounds "9"]
[EventType "swiss"]
[EventDate "2011.06.11"]

1. e4 e6 2. d4 d5 3. e5 c5 4. c3 Nc6 5. Nf3 Qb6 6. a3 c4 7. Nbd2 f6 8. exf6
Nxf6 9. b3 cxb3 10. Rb1 Bd6 11. Nxb3 O-O 12. Bd3 Bd7 13. O-O Qc7 14. h3 Rac8
15. Bb2 Ne7 16. Nbd2 Nf5 17. c4 b6 18. Qb3 Bc6 19. Rfe1 dxc4 20. Bxc4 Bd5 21.
Rbc1 Qd7 22. Ng5 Bf4 23. Ngf3 Kh8 24. Rcd1 Rc7 25. Bxd5 exd5 26. Ne5 Qd6 27.
Ndf3 Ne4 28. Bc1 Rc3 29. Qb2 Bxc1 30. Rxc1 Rxa3 31. Rc6 Qe7 32. Ng5 Ra4 33.
Nxe4 dxe4 34. Rxe4 Qb4 35. Qe2 Ra1+ 36. Kh2 Qb1 37. Nf7+ Kg8 38. Nh6+ Nxh6 39.
Rxh6 gxh6 40. Rg4+ Qg6 41. Qe6+ Kg7 42. d5 Rd1 43. d6 Rf6 44. Qe7+ Rf7 1/2-1/2

[Event "ODEM U25A 2011"]
[Site "Oberhof GER"]
[Date "2011.06.18"]
[Round "9"]
[White "Müller, Max"]
[Black "Kast, Joannis"]
[Result "0-1"]
[Termination "normal"]
[Board "28"]
[WhiteElo "1639"]
[BlackElo "1745"]
[PlyCount "120"]
[WhiteFideId "12900486"]
[BlackFideId "24698776"]
[EventCountry "GER"]
[EventRounds "9"]
[EventType "swiss"]
[EventDate "2011.06.11"]

1. e4 e5 2. Nf3 Nc6 3. Bb5 a6 4. Ba4 Nf6 5. O-O Be7 6. Re1 b5 7. Bb3 O-O 8. c3
d5 9. exd5 Nxd5 10. Nxe5 Nxe5 11. Rxe5 Nf6 12. d4 Bd6 13. Bf4 Bxe5 14. Bxe5 Bb7
15. Nd2 Nd7 16. Bf4 c5 17. Be3 c4 18. Bc2 Nf6 19. Nf3 Qd5 20. Qf1 Rfe8 21. Re1
Re7 22. h3 Rae8 23. b3 Rc8 24. b4 Rce8 25. Bb1 Ne4 26. Rc1 f6 27. Nd2 Nxd2 28.
Bxd2 Qh5 29. Qd1 Qxd1+ 30. Rxd1 Be4 31. Bxe4 Rxe4 32. Be3 Kf7 33. Kf1 Ke6 34.
Re1 Kd5 35. g3 R4e6 36. Ke2 Ra8 37. a3 a5 38. f4 axb4 39. axb4 Ra2+ 40. Kf3 Rc2
41. f5 Ra6 42. Rc1 Rxc1 43. Bxc1 Ra2 44. Ke3 Rg2 45. g4 Rg3+ 46. Kd2 Rxh3 47.
Kc2 Rh2+ 48. Kb1 Rg2 49. g5 fxg5 50. f6 gxf6 51. Be3 f5 52. Ka1 f4 53. Bc1 f3
54. Be3 g4 55. Kb1 g3 56. Ka1 f2 57. Bc1 f1=Q 58. Kb1 Qd3+ 59. Ka1 Qc2 60. Bb2
Qxb2# 0-1

[Event "ODEM U25A 2011"]
[Site "Oberhof GER"]
[Date "2011.06.18"]
[Round "9"]
[White "Bieg, Pascal"]
[Black "Stövesand, Peter"]
[Result "1-0"]
[Termination "normal"]
[Board "29"]
[WhiteElo "1841"]
[BlackElo "1563"]
[PlyCount "91"]
[WhiteFideId "12915645"]
[BlackFideId "1270624"]
[EventCountry "GER"]
[EventRounds "9"]
[EventType "swiss"]
[EventDate "2011.06.11"]

1. d4 d5 2. c4 e6 3. Nc3 Nf6 4. Bg5 Be7 5. e3 O-O 6. Nf3 h6 7. Bh4 b6 8. cxd5
Nxd5 9. Bxe7 Qxe7 10. Nxd5 exd5 11. Qb3 Be6 12. Be2 Nd7 13. O-O c5 14. Qa3 Qf6
15. Rac1 Rac8 16. Ba6 Rc7 17. dxc5 bxc5 18. Rc3 Rb8 19. Rfc1 Rb6 20. Be2 Rcb7
21. b3 Bf5 22. Ne1 Qg6 23. Bd3 Rf6 24. Bxf5 Qxf5 25. Qb2 h5 26. Qe2 Qg5 27. Nd3
Rg6 28. g3 d4 29. exd4 cxd4 30. Rc8+ Kh7 31. Nf4 Ne5 32. Nxg6 fxg6 33. Qe4 Rf7
34. Qa8 Rf8 35. Rxf8 Qxc1+ 36. Kg2 g5 37. Rh8+ Kg6 38. Qe8+ Kf5 39. Rf8+ Ke4
40. f3+ Kd3 41. Qb5+ Kd2 42. Qxe5 Qb2 43. Re8 Kd1+ 44. Kf1 Qxh2 45. Qxd4+ Kc1
46. Re1+ 1-0

[Event "ODEM U25A 2011"]
[Site "Oberhof GER"]
[Date "2011.06.18"]
[Round "9"]
[White "George, Tom"]
[Black "Dohmann, Dorothea"]
[Result "1-0"]
[Termination "normal"]
[Board "31"]
[WhiteElo "1855"]
[BlackElo "1797"]
[PlyCount "61"]
[WhiteFideId "24659487"]
[BlackFideId "12915459"]
[EventCountry "GER"]
[EventRounds "9"]
[EventType "swiss"]
[EventDate "2011.06.11"]

1. Nc3 e5 2. Nf3 Nc6 3. d4 exd4 4. Nxd4 Qf6 5. Ndb5 Qe5 6. f4 Qf5 7. e4 Qc5 8.
Nxc7+ Kd8 9. Nxa8 Nf6 10. e5 Ng8 11. Nd5 Nd4 12. Be3 Nxc2+ 13. Kf2 Nxe3 14.
Nxe3 Nh6 15. h3 Nf5 16. Qd2 Nxe3 17. Qxe3 Qb4 18. Kg3 g5 19. f5 Qh4+ 20. Kh2 b6
21. g3 Qh6 22. Bg2 d6 23. Qc3 Bd7 24. e6 fxe6 25. Qxh8 exf5 26. Qc3 f4 27. Qc7+
Ke8 28. Rhe1+ Be7 29. Rxe7+ Kxe7 30. Re1+ Kf8 31. Qd8+ 1-0

[Event "ODEM U25A 2011"]
[Site "Oberhof GER"]
[Date "2011.06.18"]
[Round "9"]
[White "Zeller, Lukas"]
[Black "Münch, Marlene"]
[Result "1-0"]
[Termination "normal"]
[Board "32"]
[WhiteElo "1662"]
[BlackElo "1839"]
[PlyCount "107"]
[WhiteFideId "1271152"]
[BlackFideId "24639222"]
[EventCountry "GER"]
[EventRounds "9"]
[EventType "swiss"]
[EventDate "2011.06.11"]

1. d4 Nf6 2. Nf3 d6 3. Bf4 g6 4. Nbd2 Bg7 5. g3 O-O 6. e4 Nh5 7. Bd3 Nc6 8. Be3
e5 9. c3 f5 10. exf5 Bxf5 11. Bxf5 gxf5 12. Ng5 Qe8 13. d5 f4 14. Qc2 Nf6 15.
dxc6 fxe3 16. fxe3 bxc6 17. O-O-O Bh6 18. Qf5 Qd7 19. Qxd7 Nxd7 20. Ne6 Rf6 21.
Nxc7 Rc8 22. Ne4 Bxe3+ 23. Kc2 Rg6 24. Na6 d5 25. Rd3 dxe4 26. Rxd7 Bg5 27. Nc5
e3 28. Re1 Rf8 29. Ne4 Bh6 30. Rxa7 Rg4 31. Ra4 Kh8 32. Kd3 Rf2 33. Ra8+ Kg7
34. Nxf2 exf2 35. Rf1 e4+ 36. Ke2 e3 37. Ra5 Rg6 38. Ra4 c5 39. Ra7+ Kg8 40.
Ra8+ Kg7 41. Ra7+ Kg8 42. Rd1 Rf6 43. a4 Rb6 44. Ra8+ Kg7 45. Rb1 Rd6 46. Re8
Rd2+ 47. Kf1 Rd6 48. a5 Ra6 49. b4 cxb4 50. cxb4 Bg5 51. b5 Rxa5 52. b6 Bf6 53.
b7 Be5 54. Rxe5 1-0

[Event "ODEM U25A 2011"]
[Site "Oberhof GER"]
[Date "2011.06.18"]
[Round "9"]
[White "Humburg, Philipp"]
[Black "Allin, Alexander"]
[Result "0-1"]
[Termination "normal"]
[Board "33"]
[WhiteElo "1672"]
[BlackElo "1492"]
[PlyCount "71"]
[WhiteFideId "24656151"]
[BlackFideId "12903698"]
[EventCountry "GER"]
[EventRounds "9"]
[EventType "swiss"]
[EventDate "2011.06.11"]

1. d4 d5 2. c4 e6 3. Nf3 Nf6 4. e3 Nbd7 5. Nc3 Be7 6. b3 b6 7. Bd3 O-O 8. O-O
dxc4 9. bxc4 Bb7 10. Bb2 c5 11. Qc2 Bd6 12. Ne4 Nxe4 13. Bxe4 Bxe4 14. Qxe4 Nf6
15. Qh4 Be7 16. Rfd1 Qc7 17. Rac1 Rfd8 18. Ne5 Rd6 19. Qf4 Rad8 20. Ba3 Rf8 21.
Qf3 Nd7 22. Nxd7 Rxd7 23. d5 exd5 24. cxd5 Bd6 25. h4 b5 26. Bb2 c4 27. h5 b4
28. Qg4 c3 29. h6 g6 30. Ba1 Rfd8 31. Rd4 Bc5 32. Rxb4 Bxb4 33. Qxb4 Rxd5 34.
Bxc3 Qd6 35. Qb2 Qb8 36. Bb4 0-1

[Event "ODEM U25A 2011"]
[Site "Oberhof GER"]
[Date "2011.06.18"]
[Round "9"]
[White "Schirra, Felix"]
[Black "Schiefer, Peter"]
[Result "1-0"]
[Termination "normal"]
[Board "34"]
[WhiteElo "1634"]
[BlackElo "1597"]
[PlyCount "57"]
[WhiteFideId "24692662"]
[BlackFideId "12913200"]
[EventCountry "GER"]
[EventRounds "9"]
[EventType "swiss"]
[EventDate "2011.06.11"]

1. e4 e6 2. d4 d5 3. Nd2 Nf6 4. e5 Nfd7 5. f4 c5 6. c3 Nc6 7. Ndf3 Qb6 8. h4
cxd4 9. cxd4 Bb4+ 10. Kf2 f6 11. Be3 fxe5 12. fxe5 Nf8 13. Bd3 Bd7 14. Ne2
O-O-O 15. a3 Be7 16. b4 Kb8 17. Nc3 Rc8 18. Na4 Qd8 19. Nc5 Be8 20. Qb3 Ka8 21.
a4 Bh5 22. g3 Bxc5 23. bxc5 h6 24. a5 Nxa5 25. Qa4 Nc6 26. Bb5 a6 27. Bxc6 bxc6
28. Qxa6+ Kb8 29. Rhb1+ 1-0

[Event "ODEM U25A 2011"]
[Site "Oberhof GER"]
[Date "2011.06.18"]
[Round "9"]
[White "Hoffmann, Dustin"]
[Black "Wastian, Jan"]
[Result "1-0"]
[Termination "normal"]
[Board "35"]
[WhiteElo "1728"]
[BlackElo "1524"]
[PlyCount "67"]
[WhiteFideId "1270566"]
[BlackFideId "12911640"]
[EventCountry "GER"]
[EventRounds "9"]
[EventType "swiss"]
[EventDate "2011.06.11"]

1. e4 c6 2. d4 d5 3. exd5 cxd5 4. Bd3 Nc6 5. c3 Qc7 6. Ne2 Bg4 7. f3 Bh5 8. Bf4
Qd7 9. Nd2 e6 10. Qc2 Nf6 11. O-O Be7 12. a4 O-O 13. g4 Bg6 14. h4 Bxd3 15.
Qxd3 Bd6 16. Bxd6 Qxd6 17. g5 Nh5 18. f4 Ne7 19. Qf3 g6 20. Ng3 Nxg3 21. Qxg3
Nf5 22. Qh2 Ng7 23. Rf3 Nh5 24. Nf1 Kg7 25. Qf2 Rh8 26. Ng3 Nxg3 27. Rxg3 h5
28. Qe3 Qe7 29. Rf3 Rhc8 30. f5 Qd7 31. fxg6 fxg6 32. Qe5+ Kh7 33. Raf1 Qe8 34.
Rf7+ 1-0

[Event "ODEM U25A 2011"]
[Site "Oberhof GER"]
[Date "2011.06.18"]
[Round "9"]
[White "Garbe, Maximilian"]
[Black "Usczeck, Lukas"]
[Result "1/2-1/2"]
[Termination "normal"]
[Board "36"]
[WhiteElo "1686"]
[BlackElo "1524"]
[PlyCount "77"]
[WhiteFideId "12913855"]
[BlackFideId "12937827"]
[EventCountry "GER"]
[EventRounds "9"]
[EventType "swiss"]
[EventDate "2011.06.11"]

1. e4 d5 2. exd5 Qxd5 3. Nc3 Qa5 4. Bc4 Nf6 5. d3 Nc6 6. Nf3 Bg4 7. h3 Qh5 8.
Bb5 Bxf3 9. Qxf3 Qxf3 10. gxf3 e6 11. Ne4 Be7 12. Rg1 Nh5 13. Ng3 Nf6 14. Ne4
Nh5 15. Be3 a6 16. Bxc6+ bxc6 17. O-O-O O-O 18. Rde1 f6 19. Ng3 Nxg3 20. fxg3
e5 21. f4 Bd6 22. fxe5 Bxe5 23. Bf4 Bxf4+ 24. gxf4 Rfe8 25. Kd2 Rad8 26. Kc3
Kf7 27. Re4 Rxe4 28. dxe4 g6 29. b4 Ke6 30. h4 Kf7 31. Rh1 Rd6 32. h5 g5 33.
fxg5 fxg5 34. Rf1+ Rf6 35. Rg1 h6 36. a4 Ke7 37. Kc4 Rf4 38. Re1 Rh4 39. Kc5
1/2-1/2